|
|
|
|
| LEADER |
02053nam a2200397 a 4500 |
| 001 |
0012648 |
| 003 |
BD-DhAAL |
| 008 |
091008s1997 nyu b 001 0 eng d |
| 010 |
|
|
|a 97010263
|
| 020 |
|
|
|a 0521620996
|
| 020 |
|
|
|a 0521629292 (pbk.)
|
| 040 |
|
|
|a DLC
|c DLC
|d DLC
|d BD-DhAAL
|
| 082 |
0 |
0 |
|a 362.1082
|2 21
|
| 245 |
0 |
0 |
|a Pragmatic women and body politics /
|c edited by Margaret Lock, Patricia A. Kaufert.
|
| 260 |
|
|
|a New York :
|b Cambridge University Press,
|c 1998.
|
| 300 |
|
|
|a xii, 364 p. ;
|c 24 cm
|
| 490 |
0 |
|
|a Cambridge studies in medical anthropology ;
|v 5
|
| 504 |
|
|
|a Includes bibliographical references and index.
|
| 526 |
|
|
|a JPGSPH
|
| 541 |
1 |
|
|e 0012648, 0017476
|a D. S. Books International
|
| 650 |
|
0 |
|a Women
|x Health and hygiene.
|
| 650 |
|
0 |
|a Women's health services.
|
| 650 |
|
0 |
|a Women
|x Social conditions.
|
| 650 |
|
0 |
|a Medical technology
|x Social aspects.
|9 58472
|
| 650 |
|
0 |
|a Human reproductive technology
|x Social aspects.
|9 58473
|
| 650 |
|
0 |
|a Medical anthropology.
|
| 700 |
1 |
|
|a Lock, Margaret M.
|9 58474
|
| 700 |
1 |
|
|a Kaufert, Patricia A.
|q (Patricia Alice)
|9 58475
|
| 852 |
4 |
|
|a Ayesha Abed Library
|c General Stacks
|
| 942 |
|
|
|2 ddc
|c BK
|
| 999 |
|
|
|c 4359
|d 4359
|
| 952 |
|
|
|0 0
|1 0
|2 ddc
|4 0
|6 362_108200000000000_PRA_1998
|7 0
|9 4052
|a BRACUL
|b BRACUL
|c GEN
|d 2009-10-10
|e D. S. Books International
|l 1
|o 362.1082 PRA
|p 3010017476
|r 2025-11-16
|s 2025-11-09
|t 2
|w 2009-10-10
|y BK
|x USD 46.02
|
| 952 |
|
|
|0 0
|1 0
|2 ddc
|4 0
|6 362_108200000000000_PRA
|7 0
|9 8228
|a BRACUL
|b BRACUL
|c GEN
|d 2010-02-17
|l 0
|o 362.1082 PRA
|p 3010012648
|r 2010-02-17
|t 1
|w 2010-02-17
|y BK
|x Price not available in Register
|
| 952 |
|
|
|0 0
|1 0
|2 ddc
|4 0
|6 362_108200000000000_PRA
|7 0
|9 18797
|a JPGSPH
|b JPGSPH
|d 2011-12-08
|l 0
|o 362.1082 PRA
|p 3060023960
|r 2011-12-08
|t 3
|w 2011-12-08
|y BK
|
| 952 |
|
|
|0 0
|1 0
|2 ddc
|4 0
|6 362_108200000000000_PRA
|7 0
|9 19078
|a JPGSPH
|b JPGSPH
|c GEN
|d 2012-01-09
|l 0
|o 362.1082 PRA
|p 3060024180
|r 2012-01-09
|t 4
|w 2012-01-09
|y BK
|
| 952 |
|
|
|0 0
|1 0
|2 ddc
|4 0
|6 362_108200000000000_PRA
|7 0
|9 19079
|a JPGSPH
|b JPGSPH
|c GEN
|d 2012-01-09
|l 0
|o 362.1082 PRA
|p 3060024181
|r 2012-01-09
|t 5
|w 2012-01-09
|y BK
|